Texas County Abbreviations - Statistics

General Stats
  • This quiz has been taken 9 times
  • The average score is 54 of 254
Answer Stats
Hint Answer % Correct
AU Austin
75%
BL Bell
75%
AN Anderson
50%
AS Aransas
50%
AR Archer
50%
BA Bailey
50%
BE Bee
50%
BO Brazoria
50%
BS Brewster
50%
CAS Castro
50%
CK Coke
50%
COL Collin
50%
DL Dallas
50%
DM Dimmit
50%
EC Ector
50%
EL Ellis
50%
EP El Paso
50%
JA Jack
50%
JK Jackson
50%
JF Jefferson
50%
JH Jim Hogg
50%
JW Jim Wells
50%
JN Johnson
50%
KA Karnes
50%
KE Kendall
50%
LA Lamb
50%
LU Lubbock
50%
LY Lynn
50%
MD Midland
50%
NV Navarro
50%
OC Ochiltree
50%
OL Oldham
50%
OR Orange
50%
RG Reagan
50%
RN Runnels
50%
TR Tarrant
50%
TA Taylor
50%
UT Upton
50%
UV Uvalde
50%
VV Val Verde
50%
VN Van Zandt
50%
VT Victoria
50%
WA Walker
50%
WL Waller
50%
WT Washington
50%
WH Wharton
50%
WM Williamson
50%
WK Winkler
50%
YK Yoakum
50%
YN Young
50%
ZP Zapata
50%
ZV Zavala
50%
AD Andrews
25%
AG Angelina
25%
AT Atascosa
25%
BP Bastrop
25%
BY Baylor
25%
BX Bexar
25%
BD Borden
25%
BQ Bosque
25%
BW Bowie
25%
BZ Brazos
25%
BI Briscoe
25%
BR Brown
25%
CH Chambers
25%
CI Childress
25%
CY Clay
25%
CN Coleman
25%
CD Colorado
25%
CM Comal
25%
CC Concho
25%
CT Cottle
25%
CR Crane
25%
CU Culberson
25%
DA Dallam
25%
DF Deaf Smith
25%
DN Denton
25%
DW De Witt
25%
DV Duval
25%
EA Eastland
25%
ER Erath
25%
FS Fisher
25%
FD Foard
25%
FK Franklin
25%
FR Frio
25%
GR Garza
25%
GZ Gonzales
25%
GY Gray
25%
GG Gregg
25%
GM Grimes
25%
GU Guadeloupe
25%
HM Hamilton
25%
HR Harris
25%
HS Harrison
25%
HY Hays
25%
HH Hemphill
25%
HI Hill
25%
HD Hood
25%
HO Houston
25%
HW Howard
25%
HZ Hudspeth
25%
HU Hunt
25%
HC Hutchinson
25%
IR Irion
25%
JP Jasper
25%
JD Jeff Davis
25%
JS Jones
25%
KF Kaufman
25%
KN Kenedy
25%
KT Kent
25%
KR Kerr
25%
KM Kimble
25%
KG King
25%
KY Kinney
25%
KL Kleberg
25%
KX Knox
25%
LM Lampasas
25%
LS La Salle
25%
LE Lee
25%
LL Llano
25%
LV Loving
25%
MR Marion
25%
MS Mason
25%
MG Matagorda
25%
ML McLennan
25%
MM Milam
25%
MO Moore
25%
MX Morris
25%
MY Motley
25%
NW Newton
25%
NU Nueces
25%
PP Palo Pinto
25%
PN Panola
25%
PR Parker
25%
PM Parmer
25%
PC Pecos
25%
PT Potter
25%
RE Real
25%
RR Red River
25%
RK Rusk
25%
SA San Augustine
25%
SJ San Jacinto
25%
SP San Patricio
25%
SS San Saba
25%
SY Shelby
25%
SU Sutton
25%
SW Swisher
25%
TE Terrell
25%
TY Terry
25%
TH Throckmorton
25%
TT Titus
25%
TG Tom Green
25%
TV Travis
25%
TN Trinity
25%
TL Tyler
25%
UR Upshur
25%
WR Ward
25%
WB Webb
25%
WC Wichita
25%
WG Wilbarger
25%
WY Willacy
25%
WN Wilson
25%
WS Wise
25%
AM Armstrong
0%
BN Bandera
0%
BC Blanco
0%
BK Brooks
0%
BU Burleson
0%
BT Burnet
0%
CW Caldwell
0%
CL Calhoun
0%
CA Callahan
0%
CF Cameron
0%
CP Camp
0%
CZ Carson
0%
CS Cass
0%
CE Cherokee
0%
CQ Cochran
0%
CG Collingsworth
0%
CJ Comanche
0%
CO Cooke
0%
CV Coryell
0%
CX Crockett
0%
CB Crosby
0%
DS Dawson
0%
DT Delta
0%
DK Dickens
0%
DY Donley
0%
ED Edwards
0%
FA Falls
0%
FN Fannin
0%
FY Fayette
0%
FL Floyd
0%
FB Fort Bend
0%
FT Freestone
0%
GA Gaines
0%
GV Galveston
0%
GL Gillespie
0%
GC Glasscock
0%
GD Goliad
0%
GS Grayson
0%
HA Hale
0%
HL Hall
0%
HF Hansford
0%
HX Hardeman
0%
HN Hardin
0%
HT Hartley
0%
HK Haskell
0%
HE Henderson
0%
HG Hidalgo
0%
HQ Hockley
0%
HP Hopkins
0%
LR Lamar
0%
LC Lavaca
0%
LN Leon
0%
LB Liberty
0%
LT Limestone
0%
LP Lipscomb
0%
LK Live Oak
0%
MA Madison
0%
MT Martin
0%
MV Maverick
0%
MK McCulloch
0%
MC McMullen
0%
ME Medina
0%
MN Menard
0%
MI Mills
0%
MH Mitchell
0%
MU Montague
0%
MQ Montgomery
0%
NA Nacogdoches
0%
NL Nolan
0%
PK Polk
0%
PS Presidio
0%
RA Rains
0%
RD Randall
0%
RV Reeves
0%
RF Refugio
0%
RB Roberts
0%
RT Robertson
0%
RW Rockwall
0%
SB Sabine
0%
SL Schleicher
0%
SC Scurry
0%
SF Shackelford
0%
SH Sherman
0%
SM Smith
0%
SV Somervell
0%
SR Starr
0%
SE Stephens
0%
ST Sterling
0%
SN Stonewall
0%
WE Wheeler
0%
WD Wood
0%
No matching quizzes found
Score Distribution
Percent of People with Each Score
Percentile by Number Answered
Your Score History
You have not taken this quiz